000 00880nam a22002657a 4500
003 dpl
005 20180705103934.0
008 180612b xxu||||| |||| 00| 0 eng d
010 _aA-897059
020 _c00.00
_a817512010
035 _aA-897059, A-897079, A-897063
037 _bCen Lib/Ret
040 _aDPL
_bEN
_c0
082 _a651.3741
_bCOO
100 _aCook, Fred S.
_923024
245 _aThe dartnell professional secretary's handbook /
_cby Fred S.Cook [and] lenore S.Forti
260 _aNew Delhi
_bGlobal Books & Subscription Services
_c1997
270 _a1-22, West Patel Nagar
_bNew Delhi
_e110008
300 _a315p. :
_c22cm(Hb)
_bill.
500 _aIncludes index
650 _aSecretaries -- Handbooks, manuals, etc.
_923025
650 _aSecretaries.
_923026
700 _aForti, Lenore S.
_919401
942 _2ddc
_cEN
_h651.3741
_mCOO
999 _c127100
_d127100